000 00451nam a2200169Ia 4500
003 OSt
005 20260306155421.0
008 211028s2009 xx 000 0 und d
040 _cAIMIT LIBRARY
041 _aeng
100 _aZiyaurrahmin ;Rao, Rohini R.
_g60471342
_93114
110 _aBharathi Pilar
_93115
245 _aOnline shoppingcart /
260 _aMangalore
_c2009
710 _aDelft University of technology
_93116
942 _2ddc
_cPRO
999 _c217123
_d217123